000 00907nas a2200301 4500
001 BR0808883
003 BR-BrBNA
005 20231205112514.0
007 ta
008 230509b bl.|||p| |||| 00| 00por d
040 _aBR-BrBNA
_bpor
_cBiblioteca Nacional de Agricultura
041 _a(Pt)
072 _aQ04; S30
100 1 _aDias, V.L.N.
100 1 _aAlmeida Júnior, J.P. de
100 1 _aFerreira, F.L.
100 1 _aMouchrek Filho, V.E.
100 1 _aMarinho, S.C.
245 1 _aComposição físico-química da merenda escolar municipal de Imperatriz, MA
650 _aALIMENTO PREPARADO
650 _aESCOLA
650 _aPROPRIEDADE FÍSICO-QUÍMICA
650 _aVALOR NUTRITIVO
650 _aMARANHÃO
773 0 _tHigiene Alimentar (Brazil)
_xISSN 0101-9171
_g(May 2008), v. 22(161) p. 46-48
_wBR0808883
909 _a202311
_bLúcia
_c55
_dLúcia Elande
942 _2AGRIS
_n0
_cANA
999 _c198419
_d198419